|
|
|
|
| LEADER |
01111nam a2200265 a 4500 |
| 001 |
989710 |
| 008 |
090621r19981987njua b 001 0 eng d |
| 010 |
|
|
|a 86025255
|
| 020 |
|
|
|a 8120304845
|
| 040 |
|
|
|a DLC
|c DLC
|d DLC
|
| 082 |
0 |
0 |
|a 658.8/3
|2 19
|
| 100 |
1 |
|
|a Luck, David Johnston.
|
| 245 |
1 |
0 |
|a Marketing research /
|c David J. Luck, Ronald S. Rubin.
|
| 250 |
|
|
|a 7th ed.
|
| 260 |
|
|
|a Englewood Cliffs, NJ ;
|a New Delhi :
|b Prentice-Hall / pvt. Ltd. ,
|c c1987.[reprinted 1998]
|
| 300 |
|
|
|a xvii, 683 p. :
|b ill. ;
|c 25 cm.
|
| 504 |
|
|
|a Includes bibliographical references and indexes.
|
| 541 |
1 |
|
|e 00011904
|
| 650 |
|
0 |
|a Marketing research.
|
| 700 |
1 |
|
|a Rubin, Ronald S.
|
| 730 |
0 |
|
|a Marketing research.
|
| 852 |
4 |
|
|a Ayesha Abed Library
|j General Shelf.
|
| 999 |
|
|
|c 1785
|d 1785
|
| 952 |
|
|
|0 0
|1 0
|2 ddc
|4 0
|6 658_830000000000000_LUC
|7 0
|9 1635
|a BRACUL
|b BRACUL
|c GEN
|d 2009-06-29
|g 253.00
|l 0
|o 658.83 LUC
|p 3010011904
|r 2009-06-29
|t 1
|v 506.00
|w 2009-06-29
|y BK
|
| 952 |
|
|
|0 0
|1 0
|2 ddc
|4 0
|6 658_830000000000000_LUC
|7 0
|9 18094
|a BRACUL
|b BRACUL
|c GEN
|d 2011-09-19
|l 1
|m 4
|o 658.83 LUC
|p 3010011621
|r 2023-01-03
|s 2022-12-11
|t 2
|w 2011-09-19
|y BK
|